000 00745cam a22002291 4500
001 gs 22000051
003 DLC
005 20260227111326.0
008 821208s1921 wauabf 000 0 eng
010 _ags 22000051
035 _a(OCoLC)29098289
040 _aDLC
_cMnU
_dDLC
042 _apremarc
043 _an-us-wa
050 0 0 _aQE175
_b.A3 no. 21
100 1 _aPatty, Ernest N.
_q(Ernest Newton),
_d1894-1976.
245 1 4 _aThe mineral resources of Washington,
260 _aOlympia,
_bF. M. Lamborn, public printer,
_c1921.
300 _a155 p.
_billus., plates. fold. map (in pocket)
_c23 cm.
650 0 _aMines and mineral resources
_zWashington (State)
700 1 _aGlover, Sheldon L.
_q(Sheldon Latta),
_d1891-1969,
_ejoint author.
999 _c26151
_d26151